000 00405nam a22001217a 4500
020 _a0-7531-1039-7
082 _a823
_bOLI/S
245 _aSPOKY STORIES
260 _aLONDON
_bKINGFISHER PUBLICATIONS
_c2004
300 _a157
520 _aScare yourself silly with Rowley Jefferson's Awesome Friendly Spooky Stories by Jeff Kinney, the international bestselling author of Diary of a Wimpy Kid!
942 _cBK
999 _c7937
_d7937